000 00405nam a2200169Ia 4500
008 230711s9999||||xx |||||||||||||| ||und||
020 _a978-81-8487-584-3
041 _aENG
082 _a537.6
_bPU-C
100 _aPuri,S.P
245 0 _aClassical electrodynamics
250 _aR/2nd Ed.
260 _c2017
_aNew Delhi
_bNarosa Publishing House
300 _a17.20p.
650 _aPhysics
942 _cBK
999 _c6156
_d6156